| 000 | 01329nam a22004215a 4500 | ||
|---|---|---|---|
| 001 | 22700 | ||
| 003 | SK-KTurca | ||
| 005 | 20260420164740.0 | ||
| 008 | 180216s2004 xo a b 001 0 slo | ||
| 015 | _aSNBA2006/01-00302 | ||
| 020 |
_a8089147488 _q(viaz.) |
||
| 035 | _aD3A141A7-1F7F-4454-A5B0-B4C85DB2ADD6 | ||
| 035 | _aurn:nbn:sk:snk-amygof | ||
| 035 | _aurn:nbn:sk:snk-am00ciae | ||
| 040 |
_aSNK _bslo _cSNK |
||
| 041 | 1 |
_aslo _heng |
|
| 044 |
_axo _cSK |
||
| 072 | 7 |
_a59 _xZoológia _2konspekt |
|
| 072 | 7 |
_a821-93 _xLiteratúra pre deti a mládež _2konspekt |
|
| 080 |
_a591.5 _2MDT-MRF |
||
| 080 |
_a(0.053.2) _2MDT-MRF |
||
| 080 |
_a(084.11) _2MDT-MRF |
||
| 080 |
_a592/599 _2MDT-MRF |
||
| 245 | 0 | 0 |
_aZázraky v prírode _n1. časť _pZázraky z morského života _c[preklad: Eva Birčáková, Mária Jakubičková] |
| 246 | 3 | 0 | _aZázraky z morského života |
| 250 | _a1. vyd. | ||
| 260 |
_aBratislava _bMatys _c2004 |
||
| 300 |
_a194 s. _cfareb. ilustr. _c27 cm |
||
| 500 | _aReg. Fareb. ilustr. na tit. strane | ||
| 500 | _aNázov z obalu | ||
| 650 | 0 | 7 |
_aživočíchy _2SNKPH |
| 650 | 0 | 7 |
_aetológia _2SNKPH |
| 655 | 7 |
_aobrazové publikácie _2SNKPH |
|
| 655 | 7 |
_apublikácie pre deti _2SNKPH |
|
| 700 | 1 |
_aBirčáková, Eva _4trl |
|
| 700 | 1 |
_aJakubičková, Mária _4trl |
|
| 942 |
_2ddc _cOLDE _n0 |
||
| 999 |
_c22700 _d22700 |
||